[Event "Toronto NAYCC U14"]
[Site "Toronto"]
[Date "2013.08.15"]
[Round "3"]
[White "Yanchev, Venelin"]
[Black "Roque Sola, Jose Luis"]
[Result "0-1"]
[WhiteElo "550"]
[BlackElo "1747"]
[PlyCount "88"]
[EventDate "2013.08.14"]
[EventType "swiss"]
[EventRounds "9"]
[EventCountry "CAN"]
[SourceTitle "EXT 2022"]
[Source "ChessBase"]
[SourceDate "2021.10.06"]
[SourceVersion "1"]
[SourceVersionDate "2021.10.06"]
[SourceQuality "1"]

1. d4 e6 2. e3 Nf6 3. c4 b6 4. Nf3 Bb7 5. Be2 c5 6. 0-0 Be7 7. h3 0-0 8. dxc5 bxc5 9. Nc3 a6 10. Bd3 Nc6 11. a3 h6 12. Re1 d5 13. cxd5 exd5 14. Ne2 Bd6 15. e4 dxe4 16. Bxe4 Nxe4 17. Qb3 Qc7 18. Rd1 Nf6 19. Rxd6 Qxd6 20. Qxb7 Ne5 21. Bf4 Nxf3+ 22. Qxf3 Qe6 23. Rd1 Rfe8 24. Rd2 Ne4 25. Rc2 Rad8 26. Kh2 Qg6 27. h4 Nxf2 28. Rxc5 Ng4+ 29. Kh3 Rd3 30. h5 Rxf3+ 31. gxf3 Nf2+ 32. Kh2 Qf6 33. Kg3 Nd3 34. Rc2 Rxe2 35. Rxe2 Qxf4+ 36. Kg2 Ne5 37. Rf2 Qg5+ 38. Kf1 Qxh5 39. f4 Qd1+ 40. Kg2 Nd3 41. Rf1 Qe2+ 42. Kg1 h5 43. b4 h4 44. Kh1 Qxf1+ 0-1